| 000 | 00378nam a2200157 a 4500 | ||
|---|---|---|---|
| 005 | 20260322212054.0 | ||
| 008 | data | ||
| 010 | _a59-12103 | ||
| 090 | _aLC 5219 K537h 1959 | ||
| 100 | 1 | _aKidd, James Robbins | |
| 245 | 1 | 0 |
_aHow adults learn/ _cJames Robbins Kidd. |
| 260 |
_aNew York _bAssociation Press _cp1959 |
||
| 300 | _a324 p. | ||
| 650 | 4 | _aEducation of adults. | |
| 001 | data | ||
| 999 |
_c1287 _d1287 |
||